| 000 | 01028nam a2200337 4500 | ||
|---|---|---|---|
| 999 |
_c8464 _d8464 |
||
| 001 | 8464 | ||
| 003 | BD - JhCC | ||
| 005 | 20180923104026.0 | ||
| 008 | 721215s1972 mau b 001 0 eng | ||
| 020 | _a0674845455 | ||
| 035 | _a(BD - JhCC)8464 | ||
| 035 | _a(OCoLC)00533704 | ||
| 035 | _aGLIS00436231 | ||
| 040 |
_aDLC _cDLC _dm.c. _dBD - JhCC |
||
| 041 | _aeng | ||
| 050 | 0 |
_aB2598 _b.L6 |
|
| 082 | _bLOE 1972 | ||
| 090 |
_aB2598 _b.L825 |
||
| 099 | _aB2598.L825 | ||
| 100 | 1 | _aLoemker, Leroy E. | |
| 245 | 1 | 0 |
_aStruggle for synthesis : _bthe seventeenth century background of Leibniz's synthesis of order and freedom / _cLeroy E. Loemker. |
| 260 |
_aCambridge, Mass., _bHarvard University Press, _c1972. |
||
| 300 |
_axi, 318 p. _c24 cm. |
||
| 504 | _aBibliography: p. 281-298. | ||
| 600 | 1 | 0 |
_aLeibniz, Gottfried Wilhelm, _cFreiherr von, _d1646-1716. |
| 650 | 0 | _aOrder (Philosophy) | |
| 650 | 0 | _aLiberty. | |
| 942 |
_2ddc _cBK |
||
| 949 |
_aMYGH _b39080005308231 |
||